Le Livre des Haltes (Kitâb al-Mawâqif), Tome I /

This first of three volumes comprising 'Abd al Qâdir's work contains 215 of the 372 original chapters. Based on the Dār al-yaqaza al-'arabiyya (1966-1967) and on the manuscript of the Library of Alger, this translation addresses the work done so far by Michel Chodkiewicz and by A. Khu...

وصف كامل

محفوظ في:

المؤلف الرئيسي: Lagarde, Michel (مؤلف)

التنسيق: كتاب الكتروني

اللغة: English

منشور في: Leiden; Boston : BRILL, 2000.

سلاسل: Brill Book Archive Part 1, ISBN: 9789004472495.

الموضوعات:

الوصول للمادة أونلاين: Login to view Source

الوسوم: إضافة وسم

لا توجد وسوم, كن أول من يضع وسما على هذه التسجيلة!

رقم الطلب: BP189

LEADER 02092nam a22004458i 4500
001 BRILL9789004453029
003 nllekb
005 20211118222022.0
006 m d
007 cr un uuuua
008 200716s2000 ne sb 001 0 eng d
010 |z  00021146 
020 |a 9789004453029  |q (electronic book) 
020 |a 9789004115675  |q (print) 
024 7 |a 10.1163/9789004453029  |2 DOI 
035 |a (OCoLC)681186857 
040 |a NL-LeKB  |c NL-LeKB  |e rda 
050 4 |a BP189 
072 7 |a HRH  |2 bicssc 
072 7 |a REL  |x 037000  |2 bisacsh 
082 0 4 |a 297.4  |2 23 
100 1 |a Lagarde, Michel  |e author. 
245 1 0 |a Le Livre des Haltes (Kitâb al-Mawâqif), Tome I /  |c Michel Lagarde. 
264 1 |a Leiden;   |a Boston :  |b BRILL,  |c 2000. 
300 |a 1 online resource. 
336 |a text  |b txt  |2 rdacontent 
337 |a computer  |b c  |2 rdamedia 
338 |a online resource  |2 rdacarrier 
490 1 |a Brill Book Archive Part 1, ISBN: 9789004472495 
504 |a Includes bibliographical references and index. 
520 |a This first of three volumes comprising 'Abd al Qâdir's work contains 215 of the 372 original chapters. Based on the Dār al-yaqaza al-'arabiyya (1966-1967) and on the manuscript of the Library of Alger, this translation addresses the work done so far by Michel Chodkiewicz and by A. Khurshīd. It deals with mystic comments on Qur'anic verses and prophetic translations inspired by Ibn 'Arabi's work. It serves as a useful introduction to Futuḥāt and Fusus . 
588 |a Description based on print version record. 
600 1 0 |a Abd al-Qādir ibn Muḥyī al-Din al-Ǧazāʾirī (1808-1883) 
650 0 |a Sufism. 
776 0 8 |i Print version:  |t Le Livre des Haltes (Kitâb al-Mawâqif), Tome I.  |d Leiden ; Boston : BRILL, 2000  |z 9789004115675  |w (OCoLC)43333562 
830 0 |a Brill Book Archive Part 1, ISBN: 9789004472495. 
856 4 |z DOI:   |u http://dx.doi.org/10.1163/9789004453029 
942 |2 lcc  |c EBOOK 
952 |0 0  |1 0  |2 lcc  |4 0  |7 1  |9 22800  |a BRILL  |b BRILL  |d 2021-11-18  |l 0  |r 2021-11-18 00:00:00  |w 2021-11-18  |y EBOOK 
999 |c 40274  |d 40274